[Event "España tch 2013 Descenso"]
[Site "Linares ESP"]
[Date "2013.08.24"]
[Round "6.31"]
[White "Moreno Trujillo, Alejandro"]
[Black "Bernal Moro, Luis Javier"]
[Result "1-0"]
[WhiteElo "2533"]
[BlackElo "2430"]
[PlyCount "85"]
[EventDate "2013.08.24"]
[EventType "team-k.o."]
[EventRounds "2"]
[EventCountry "ESP"]

1. d4 Nf6 2. Nf3 g6 3. c4 Bg7 4. Nc3 O-O 5. e4 d6 6. h3 e5 7. d5 a5 8. Bg5 Na6
9. Nd2 Qe8 10. Be2 Nd7 11. a3 f6 12. Bh4 Nb6 13. b3 Bd7 14. Rb1 Nc5 15. Qc2 f5
16. O-O Bh6 17. b4 axb4 18. axb4 Nxe4 19. Ndxe4 fxe4 20. c5 Na4 21. Nxe4 Bf5
22. Bd3 Bxe4 23. Bxe4 Rf4 24. Bg3 Rxe4 25. Qxe4 Nc3 26. Qc4 Nxb1 27. Rxb1 Qa4
28. Qg4 Qc2 29. Rf1 Qf5 30. Qc4 Qf7 31. Rd1 Qd7 32. b5 b6 33. cxb6 cxb6 34. Qc6
Qd8 35. Qc4 Qc8 36. Qh4 Bf8 37. Kh2 Qc5 38. Qg4 Qxb5 39. Qe6+ Kh8 40. Rc1 Re8
41. Qf7 Bg7 42. Bh4 Qa4 43. Rc4 1-0

[Event "España tch 2013 Descenso"]
[Site "Linares ESP"]
[Date "2013.08.24"]
[Round "6.34"]
[White "Fernandez Fernandez, Juan Carlos"]
[Black "Perez Suchan, Saul Mario"]
[Result "1-0"]
[WhiteElo "2092"]
[BlackElo "1649"]
[PlyCount "141"]
[EventDate "2013.08.24"]
[EventType "team-k.o."]
[EventRounds "2"]
[EventCountry "ESP"]

1. d4 Nf6 2. c4 e6 3. Nf3 Bb4+ 4. Bd2 c5 5. e3 Bxd2+ 6. Qxd2 cxd4 7. exd4 d5 8.
Nc3 O-O 9. Be2 Nc6 10. O-O Re8 11. Rfd1 b6 12. cxd5 exd5 13. Bb5 Bb7 14. Rac1
Rc8 15. Re1 Ne4 16. Qd1 Nxc3 17. Rxe8+ Qxe8 18. Rxc3 Qd8 19. h3 h6 20. a3 a6
21. Ba4 b5 22. Bc2 b4 23. Re3 bxa3 24. bxa3 Qf6 25. Qd2 g5 26. Rb3 Rb8 27. Qd3
Bc8 28. Rxb8 Nxb8 29. Ne5 Nc6 30. Qh7+ Kf8 31. Nf3 Ne7 32. Qd3 Bf5 33. Qc3 Bxc2
34. Qxc2 Qc6 35. Qb2 f6 36. g3 Qb5 37. Qc2 Kg7 38. Nh2 Qc4 39. Qd1 Nf5 40. Nf3
Qc3 41. a4 a5 42. Kg2 Kf7 43. Qb1 Ke6 44. Qb6+ Nd6 45. g4 Qb4 46. Qc6 Qb7 47.
Qc2 Ne4 48. Ne1 Qb4 49. Qc8+ Ke7 50. Qc7+ Ke6 51. Qc6+ Nd6 52. Nf3 Qc4 53. Qa8
Qxa4 54. Qg8+ Nf7 55. Qg6 Qd7 56. Ne1 Qe7 57. Nd3 Kd6 58. Nc5 Kc6 59. Qf5 Nd6
60. Qd3 Nc4 61. Qb3 Nb6 62. Qc3 Kd6 63. Qxa5 Qc7 64. Qb4 Kc6 65. Ne6 Qd6 66.
Nc5 Qc7 67. Qb3 Qa7 68. Qf3 Qe7 69. Qf5 Kd6 70. Qg6 Qf8 71. Qh7 1-0

[Event "España tch 2013 Descenso"]
[Site "Linares ESP"]
[Date "2013.08.25"]
[Round "7.41"]
[White "Andres Gonzalez, Ivan"]
[Black "Barrero Garcia, Carlos"]
[Result "1/2-1/2"]
[WhiteElo "2311"]
[BlackElo "2371"]
[PlyCount "54"]
[EventDate "2013.08.24"]
[EventType "team-k.o."]
[EventRounds "2"]
[EventCountry "ESP"]
[Source "lmi"]
[SourceDate "2013.08.24"]

1. e4 e5 2. Nf3 Nc6 3. Nc3 Nf6 4. a3 g6 5. Nxe5 Nxe5 6. d4 Nc6 7. d5 Nb8 8. e5
Ng8 9. d6 cxd6 10. exd6 Qf6 11. Nd5 Qe6+ 12. Be3 Bxd6 13. Bc4 Nc6 14. O-O Qf5
15. Bd4 Nxd4 16. Qxd4 f6 17. Rfe1+ Kf8 18. Bd3 Qh5 19. Nxf6 Qxh2+ 20. Kf1 Be7
21. Nd5 Qh1+ 22. Ke2 Qh4 23. Qxh8 Qh5+ 24. Kf1 Qh1+ 25. Ke2 Qh5+ 26. Kf1 Qh1+
27. Ke2 Qh5+ 1/2-1/2